Relations between water and soil
Zapisane w:
| 1. autor: | |
|---|---|
| Format: | Książka |
| Język: | Undetermined |
| Wydane: |
Farnham Royal, Bucks, England
CAB
1959
|
| Hasła przedmiotowe: | |
| Etykiety: |
Dodaj etykietę
Nie ma etykietki, Dołącz pierwszą etykiete!
|
| Thư viện lưu trữ: | Trung tâm Học liệu Trường Đại học Cần Thơ |
|---|
| LEADER | 00556nam a2200181Ia 4500 | ||
|---|---|---|---|
| 001 | CTU_40142 | ||
| 008 | 210402s9999 xx 000 0 und d | ||
| 082 | |a 631.4 | ||
| 082 | |b M369 | ||
| 100 | |a T J Marshall | ||
| 245 | 0 | |a Relations between water and soil | |
| 245 | 0 | |c T J Marshall | |
| 260 | |a Farnham Royal, Bucks, England | ||
| 260 | |b CAB | ||
| 260 | |c 1959 | ||
| 650 | |a hydraulic engineering,irrigation engineering,soil conservation,water supply, agricultural | ||
| 904 | |i Minh, 010203 | ||
| 980 | |a Trung tâm Học liệu Trường Đại học Cần Thơ | ||